Central Library OPAC University of Rajshahi

Elements of probability theory / (Record no. 69833)

MARC details
000 -LEADER
fixed length control field 00761nam a2200241 a 4500
001 - CONTROL NUMBER
control field 69833
003 - CONTROL NUMBER IDENTIFIER
rucl marc code BD-RjUL
005 - DATE AND TIME OF LATEST TRANSACTION
control field 20211209081930.0
008 - FIXED-LENGTH DATA ELEMENTS--GENERAL INFORMATION
fixed length control field 170413s1965 enka 001 0 eng d
035 ## - SYSTEM CONTROL NUMBER
System control number (BD-RjUL)70045
040 ## - CATALOGING SOURCE
Original cataloging agency DLC/ICU
Transcribing agency ICU
Modifying agency DLC
-- BD-RjUL
Language of cataloging eng
041 1# - LANGUAGE CODE
Language code of text/sound track or separate title eng
082 00 - DEWEY DECIMAL CLASSIFICATION NUMBER
Edition number 23
Classification number 519.2
Author mark and year RUE 1965
100 1# - MAIN ENTRY--PERSONAL NAME
Personal name Rumshiskii, L. Z.
Fuller form of name (Lev Zimonovich),
Dates associated with a name 1918-
9 (RLIN) 206831
245 10 - TITLE STATEMENT
Title Elements of probability theory /
Statement of responsibility, etc. by L.Z. Rumshiskii ; Translated from the Russian by D.M.G. Wishart.
250 ## - EDITION STATEMENT
Edition statement 1st ed.
260 ## - PUBLICATION, DISTRIBUTION, ETC. (IMPRINT)
Place of publication, distribution, etc. Oxford ;
-- New York :
Name of publisher, distributor, etc. Pergamon Press,
Date of publication, distribution, etc. 1965
300 ## - PHYSICAL DESCRIPTION
Pagination xi, 160 p. :
Illustrations ill. ;
Size 23 cm.
500 ## - GENERAL NOTE
General note Includes index
650 #0 - SUBJECT ADDED ENTRY--TOPICAL TERM
Topical term or geographic name as entry element Probabilities.
9 (RLIN) 206832
700 ## - ADDED ENTRY--PERSONAL NAME
Personal name Wishart, D.M.G.
942 ## - ADDED ENTRY ELEMENTS (KOHA)
Source of classification or shelving scheme Dewey Decimal Classification
Koha item type Books
Holdings
Lost status Source of classification or shelving scheme Damaged status Not for loan Collection code Permanent Location Current Location Shelving location Date acquired Source of acquisition Total Checkouts Full call number Date last seen Copy number Koha item type
  Dewey Decimal Classification   Not For Loan Non-fiction Central Library, University of Rajshahi Central Library, University of Rajshahi Reading Room 20/11/1968 Zeitlinger   519.2 RUE 1965 13/04/2017 C-1 Books